000 00428nam a2200169Ia 4500
008 230524s9999 xx 000 0 und d
082 _a5.74
_bROD
100 _aRodger E.Ziemer
_915696
245 0 _aSignals and Systems
250 _a4TH
260 _aNEW DELHI
_bPHI
_c2005
300 _aVXII;622
500 _aQuantity Number: 1
650 _aElectronics
700 _a" W.H.Tranter , D.R.Fannin,,,"
_915697
942 _cBK
999 _c23803
_d23803